000 00541nam a2200205Ia 4500
001 30513
008 140416s9999 xx 000 0 und d
020 _a007-123249-4
040 _cPK-LaUMT
082 _a 621.3815
_bJAE-M
100 _aRichard C. Jaeger
245 _aMicrocelectronic circuit design
_cRichard C. Jaeger<>Travis N. Blalock
250 _a2nd
260 _aNew York,USA:
_bMcGraw-Hill,
_c2003
300 _a1506 p.
546 _aEN
650 _aElectronic circuit design
700 _aTravis N. Blalock
942 _cBK
999 _c30636
_d30636